Statistics for All 50k+ cities in Michigan on a map

Click here to take the quiz!

General Stats

  • This quiz has been taken 113 times
  • The average score is 16 of 26

Answers on the Map

Answers color-coded by a green-red scale on the quiz's map according to % correct below.
 

Answer Stats

HintAnswer% Correct
632,464Detroit
100%
112,684Lansing
96%
197,416Grand Rapids
95%
121,536Ann Arbor
94%
80,628Flint
88%
108,420Dearborn
86%
73,257Kalamazoo
84%
133,269Sterling Heights
81%
138,130Warren
78%
60,984Pontiac
67%
86,836Troy
62%
52,335Battle Creek
60%
94,422Livonia
58%
62,451Dearborn Heights
57%
76,749Wyoming
56%
83,292Farmington Hills
52%
66,560Novi
47%
84,515Westland
47%
76,028Rochester Hills
44%
57,953Royal Oak
43%
75,898Southfield
40%
58,200St. Clair Shores
40%
99,820Clinton
36%
62,573Taylor
36%
54,141Kentwood
33%
98,620Canton
28%

Score Distribution

Percentile by Number Answered

Percent of People with Each Score

Your Score History

You have not taken this quiz